| 000 | 00407cam a2200157ua 4500 | ||
|---|---|---|---|
| 041 |
_aeng _h |
||
| 082 |
_a828.09 _bTHO/CL |
||
| 100 | _aThomson, J A K . | ||
| 245 |
_aClassical influences on English Peotry / _cJ A K Thomson. _hTextual Documents |
||
| 250 |
_a1 / _b. |
||
| 260 |
_aLondon : _bGeorge Allen & Unwin Ltd , _c1962. |
||
| 300 | _a271 ; . | ||
| 504 | _a | ||
| 942 | _cBK | ||
| 999 |
_c3068 _d3068 |
||